000 00308nam a22001457a 4500
003 SGT
020 _a978-93-86827-96-8
082 _a615
_bREG
100 _aREGE, NIRMALA N.
245 _aPHARMACOLOGY
260 _aINDIA
_bCBS PUB.
_c2018
300 _a100
650 _aPHARMACOLOGY
942 _2ddc
_cBK
999 _c32435
_d32435